|
|
|
|
| LEADER |
01035nab#a2200289#ar4500 |
| 001 |
000073580 |
| 003 |
SVKKK |
| 005 |
19971002xxxxxxx. |
| 008 |
06 c xo huno |
| FMT |
|
|
|
| 038 |
|
|
|a SVKKK
|
| 040 |
|
|
|a SVKKK
|b slo
|e AACR2
|
| 041 |
0 |
|
|a hun
|
| 044 |
|
|
|a xo
|c SK
|
| 080 |
|
|
|a 614.84
|
| 242 |
1 |
0 |
|a Vyznamenanie dobšinských požiarnikov
|
| 245 |
0 |
0 |
|a Dobsinai tüzoltók kitüntetése
|
| 520 |
2 |
|
|a Traja požiarnici z Dobšinej Ján (János) Ulreich, Karol (Károly) Jex, Ondrej (András) Kovács boli v októbri 1912 vyznamenaní pamätnou medailou za služobné výsledky.
|
| 650 |
0 |
4 |
|a Ulreich, Ján (veliteľ požiarnický hlavný) - Jex, Karol (veliteľ čaty) - Kovács, Ondrej(veliteľ čaty) - Dobšiná (RV) - pôsobenie - október 1912 - vyznamenanie služobné - správa
|
| 773 |
0 |
|
|t Sajó-Vidék : Vegyestartalmú hetilap
|g Roč. 15, č. 43 (24.10.1912) s. 3
|
| 957 |
|
|
|a Dobšiná
|
| 958 |
|
|
|a DG
|
| 958 |
|
|
|a SK
|
| 974 |
|
|
|a ebl
|d 19971002
|
| 992 |
|
|
|a RBX
|
| BAS |
|
|
|
| 998 |
|
|
|a RETRO
|